000 02385nam a2200469 a 4500
001 ebr10495610
003 CaPaEBR
006 m u
007 cr cn|||||||||
008 080904s2009 vau sb 001 0 eng d
010 _z 2008038356
020 _z9780813928098 (cloth : alk. paper)
020 _z0813928095 (cloth : alk. paper)
020 _z0813928141 (e-book : alk. paper)
020 _z9780813928142 (e-book)
040 _aCaPaEBR
_cCaPaEBR
035 _a(OCoLC)759159942
043 _ae-uk---
050 1 4 _aPR448.F55
_bB73 2009eb
082 0 4 _a820.9/353
_222
100 1 _aBraunschneider, Theresa,
_d1971-
245 1 0 _aOur coquettes
_h[electronic resource] :
_bcapacious desire in the eighteenth century /
_cTheresa Braunschneider.
260 _aCharlottesville :
_bUniversity of Virginia Press,
_c2009.
300 _aix, 189 p.
490 0 _aWinner of the Walker Cowen Memorial Prize for an outstanding work of scholarship in eighteenth-century studies
500 _a"Winner of the Walker Cowen Memorial Prize for an outstanding work of scholarship in eighteenth-century studies"--P. facing t.p.
504 _aIncludes bibliographical references and index.
505 0 _aA prelude: the novelty of coquetry -- The people that things make: coquettes and consumer culture -- The coquette here and there: a cartography of coquetry -- Women who choose too much: reforming the coquette -- A postlude: the coquette's demise.
533 _aElectronic reproduction.
_bPalo Alto, Calif. :
_cebrary,
_d2011.
_nAvailable via World Wide Web.
_nAccess may be limited to ebrary affiliated libraries.
650 0 _aEnglish literature
_y18th century
_xHistory and criticism.
650 0 _aYoung women in literature.
650 0 _aFlirting in literature.
650 0 _aSocial interaction in literature.
650 0 _aMan-woman relationships in literature.
650 0 _aConsumption (Economics) in literature.
650 0 _aConsumption (Economics)
_zGreat Britain
_xHistory
_y18th century.
650 0 _aYoung women
_zGreat Britain
_xSocial life and customs
_y18th century.
650 0 _aLiterature and society
_zGreat Britain
_xHistory
_y18th century.
655 7 _aElectronic books.
_2local
710 2 _aebrary, Inc.
856 4 0 _uhttp://site.ebrary.com/lib/rucke/Doc?id=10495610
_zAn electronic book accessible through the World Wide Web; click to view
999 _c130685
_d130685